000 01720nam a2200265 a 4500
001 000048443
005 20250621074009.0
008 190320s2016 dr 000 0 spa d
020 _a9781234567897
040 _aDO-SdBNP
_bspa
_cBNPHU
082 _a327.7293
_bL579i
100 1 _aLeón, Ángel María De
_d1947-
_975857
245 1 0 _aInfluencia de la geopolítica imperial en las relaciones internacionales y diplomáticas de República Dominicana /
_cÁngel María de León.
260 _aSanto Domingo :
_bNuevo Diario,
_c2016.
500 _aIncluye referencias bibliográficas y notas al pie de las paginas.
504 _aBibliografía: p. 179-183.
500 _aIncluye datos biográficos del autor en la contracubierta.
505 0 _aDedicatoria y agradecimiento -- Presentación -- P3285alabras del autor -- Introducción -- Influencia de la geopolítica imperial en las relaciones internacionales y diplompaticas de la República Domincana -- La intervención militar y ocupación del territorio dominicano, por parte del gobierno de los Estados Unidos de América, (1916-1924) -- Las relaciones exteriores de la República Dominicana durante en los doce años de Balaguer -- Una diplomacia y relaciones internacionales para promover los objetivos de desarrollo sostenible y la estrategia nacional de desarrollo end -- Conclusión -- Anexos.
590 _aInventariado, 2019/VM
651 4 _aRepública Dominicana
_xRelaciones Exteriores
_92258
651 4 _aRepública Dominicana
_xHistoria
_9170
651 0 _aRepública Dominicana
_xPolítica y gobierno
_945
651 0 _aRepública Dominicana --
_xHistoria --
_yOcupación norteamericana, 1916-1924
_91926
910 _aValidado. Control de calidad MFF
999 _c47931
_d47931